| 000 | 00442nam a2200145 a 4500 | ||
|---|---|---|---|
| 001 | 4163 | ||
| 003 | CDMR | ||
| 005 | 20130301111725.0 | ||
| 008 | 130130s2000||||||||||||||||||||||||||||d | ||
| 040 |
_aCDMR _bcat _cCDMR |
||
| 111 | 2 |
_93023 _aConcurso Fotográfico "Caminos de Hierro" _d2000 _n14è |
|
| 245 | 1 | 0 |
_aCaminos de Hierro _b14º concurso fotográfico 2000 |
| 260 |
_aMadrid _c2000 _bFundación de los Ferrocarriles Españoles |
||
| 942 |
_cMON _2udc |
||
| 999 |
_c4163 _d4163 |
||